00587nam a2200205Ia 450000500170000000800410001702000230005804000190008104100120010008200160011210000150012824500730014325000110021626000420022730000150026950400480028465000210033270000180035385000100037120231130113746.0131103s9999 xx 000 0 und d a8185274568cRs 110 aLoreto College aEnglish a302.23bBLA aBlack, Sam aPractical Public RelationscSam Black with a forword by F.C. Gillman a4th ed aDelhibUniversal Book Stallcrep 2000 axiii,229p  aIncludes bibliographic references and index aPublic Relations aGillman, F.C. aLCLIB